000
00306nam a2200109Ia 4500
008
220204s9999 xx 000 0 und d
082
_a
929A/Z(CHA)
_b
CHA
100
_a
Chagla, M C
245
0
_a
Roses in December: An autobiography with epilogue
260
_a
Bombay
_b
Bharatiya Vidyabhavan
_c
1973
942
_c
BK
999
_c
28976
_d
28976